[Event "Obert Figueres Miquel Mas 2011"]
[Site "Figueres ESP"]
[Date "2011.08.17"]
[Round "8.11"]
[White "Sabria Batlle, Pol"]
[Black "Temprano Mateos, Luis Jose"]
[Result "1/2-1/2"]
[WhiteElo "2209"]
[BlackElo "2010"]
[PlyCount "99"]
[EventDate "2011.08.11"]
[EventType "swiss"]
[EventRounds "9"]
[EventCountry "ESP"]
[Source "lmi"]
[SourceDate "2011.08.11"]

1. e4 e5 2. Nf3 Nc6 3. Bb5 Nf6 4. O-O Nxe4 5. d4 Nd6 6. Bxc6 dxc6 7. dxe5 Nf5
8. Qxd8+ Kxd8 9. Nc3 Ke8 10. b3 Be7 11. h3 h5 12. Bb2 Be6 13. Ne4 b6 14. Rfe1
Rd8 15. Rad1 Rxd1 16. Rxd1 Bd5 17. Nfg5 Bxg5 18. Nxg5 Be6 19. Nxe6 fxe6 20. Bc1
c5 21. Bg5 Ne7 22. f4 Rf8 23. Kf2 Nc6 24. c3 Rf7 25. Ke3 Rd7 26. Rxd7 Kxd7 27.
Ke4 g6 28. g4 hxg4 29. hxg4 b5 30. f5 gxf5+ 31. gxf5 exf5+ 32. Kxf5 b4 33. c4
Nd4+ 34. Kf6 Ke8 35. e6 Ne2 36. Ke5 Nc3 37. Be3 a5 38. Bf4 a4 39. bxa4 Nxa4 40.
Kd5 Nc3+ 41. Kxc5 Nxa2 42. Bg5 b3 43. Bf6 Nc1 44. Kc6 Nd3 45. Kxc7 b2 46. Bxb2
Nxb2 47. c5 Nc4 48. Kc6 Ke7 49. Kd5 Na5 50. Ke5 1/2-1/2

[Event "Obert Figueres Miquel Mas 2011"]
[Site "Figueres ESP"]
[Date "2011.08.17"]
[Round "8.12"]
[White "Tillet, Louis-Juan"]
[Black "Toste Nieto, Alexandre"]
[Result "1-0"]
[WhiteElo "2204"]
[BlackElo "1964"]
[PlyCount "69"]
[EventDate "2011.08.11"]
[EventType "swiss"]
[EventRounds "9"]
[EventCountry "ESP"]
[Source "lmi"]
[SourceDate "2011.08.11"]

1. e4 c5 2. c3 d5 3. exd5 Qxd5 4. d4 Nf6 5. Nf3 Bg4 6. Nbd2 Nc6 7. Bc4 Bxf3 8.
Qb3 Na5 9. Qb5+ Qd7 10. Nxf3 Nxc4 11. Qxc4 cxd4 12. Nxd4 Rc8 13. Qe2 Qg4 14. f3
Qh4+ 15. g3 Qh5 16. Nb5 e6 17. Nxa7 Rc5 18. Be3 Re5 19. O-O-O Be7 20. Nc8 Rxe3
21. Qxe3 Qc5 22. Qxc5 Bxc5 23. Nd6+ Bxd6 24. Rxd6 Nd5 25. Re1 O-O 26. c4 Rc8
27. Kb1 Nb4 28. Rb6 Rxc4 29. Rc1 Rxc1+ 30. Kxc1 Nd3+ 31. Kd2 Ne5 32. Ke2 g5 33.
Rxb7 Nc6 34. b4 Nd4+ 35. Kf2 1-0

[Event "Obert Figueres Miquel Mas 2011"]
[Site "Figueres ESP"]
[Date "2011.08.17"]
[Round "8.13"]
[White "Spielmann, Alain"]
[Black "Parramon Ros, Francesc"]
[Result "1-0"]
[WhiteElo "2266"]
[BlackElo "2042"]
[PlyCount "91"]
[EventDate "2011.08.11"]
[EventType "swiss"]
[EventRounds "9"]
[EventCountry "ESP"]
[Source "lmi"]
[SourceDate "2011.08.11"]

1. c4 f5 2. Nc3 Nf6 3. Nf3 e6 4. g3 d5 5. Bg2 Bd6 6. O-O O-O 7. d3 Nc6 8. cxd5
exd5 9. Qb3 Kh8 10. Bg5 Be7 11. Bxf6 Bxf6 12. Qxd5 Qe8 13. Qb3 Be6 14. Qxb7 Rb8
15. Qxc7 Rxb2 16. Rac1 Bd8 17. Qd6 Rf6 18. Qa3 Rb6 19. e3 Be7 20. Qa4 Rb4 21.
Qc2 Rg4 22. d4 Nb4 23. Qd2 f4 24. d5 fxg3 25. dxe6 Rxf3 26. fxg3 Rxf1+ 27. Rxf1
Rg6 28. Nd5 Nxd5 29. Bxd5 Rf6 30. Rc1 Bd6 31. Bb3 Qf8 32. Qd3 g6 33. Qd4 Kg7
34. Qxa7+ Kh6 35. Qd4 Rf5 36. Rd1 Be5 37. Qe4 Qc5 38. Rf1 Rxf1+ 39. Kxf1 Qc1+
40. Kg2 Qd2+ 41. Kh3 Qd6 42. Qd5 Kg7 43. Qxd6 Bxd6 44. a4 Bc5 45. a5 Bxe3 46.
e7 1-0

[Event "Obert Figueres Miquel Mas 2011"]
[Site "Figueres ESP"]
[Date "2011.08.17"]
[Round "8.14"]
[White "Pinsach Gelabert, Alexandre"]
[Black "Casanellas Ruano, Lluis"]
[Result "0-1"]
[WhiteElo "1896"]
[BlackElo "2190"]
[PlyCount "150"]
[EventDate "2011.08.11"]
[EventType "swiss"]
[EventRounds "9"]
[EventCountry "ESP"]
[Source "lmi"]
[SourceDate "2011.08.11"]

1. e4 c6 2. Nc3 d5 3. Qf3 e6 4. d4 dxe4 5. Qxe4 Nf6 6. Qe3 Be7 7. Nf3 O-O 8.
Bd3 b6 9. Ne4 Ba6 10. Nxf6+ Bxf6 11. O-O Bxd3 12. Qxd3 Nd7 13. Rd1 Qc7 14. c3
Rfd8 15. Be3 Rac8 16. Qe4 Qd6 17. Bf4 Qd5 18. Qxd5 cxd5 19. a4 Rc6 20. Re1 Rdc8
21. Ne5 Bxe5 22. Bxe5 a6 23. Bf4 Ra8 24. Kf1 Ra7 25. Ke2 Rb7 26. Kd3 h6 27. b4
Rc4 28. b5 Ra7 29. Bd6 Nf6 30. f3 Ne8 31. Bg3 Kf8 32. Reb1 Ke7 33. a5 bxa5 34.
b6 Rb7 35. Rxa5 Rc6 36. Rxa6 Kf6 37. Ra8 Nd6 38. Bxd6 Rxd6 39. Ra6 Rc6 40. Rb5
h5 41. Kc2 Kf5 42. g3 g5 43. Rb3 g4 44. f4 Ke4 45. Ra7 Rxa7 46. bxa7 Ra6 47.
Rb7 f5 48. Rh7 Kf3 49. Kd3 Kg2 50. Rxh5 Rxa7 51. Rh6 Ra6 52. Rh8 Ra1 53. Rh6
Rd1+ 54. Ke2 Rh1 55. Rxe6 Rxh2 56. Re5 Kxg3+ 57. Ke3 Rh5 58. Rxd5 Kh2 59. Re5
Rh3+ 60. Kd2 g3 61. Rxf5 g2 62. Rg5 g1=Q 63. Rxg1 Kxg1 64. f5 Kf2 65. f6 Rf3
66. f7 Kg3 67. f8=Q Rxf8 68. Kd3 Kf4 69. c4 Ra8 70. c5 Ra4 71. c6 Ra6 72. d5
Ke5 73. Kc4 Kd6 74. Kb5 Ra7 75. Kc4 Rh7 0-1

[Event "Obert Figueres Miquel Mas 2011"]
[Site "Figueres ESP"]
[Date "2011.08.17"]
[Round "8.15"]
[White "Vidal Zamora, Alex"]
[Black "Falgueras Marti, Carles"]
[Result "1-0"]
[WhiteElo "2112"]
[BlackElo "2009"]
[PlyCount "85"]
[EventDate "2011.08.11"]
[EventType "swiss"]
[EventRounds "9"]
[EventCountry "ESP"]
[Source "lmi"]
[SourceDate "2011.08.11"]

1. e4 c6 2. d4 d5 3. Nc3 dxe4 4. Nxe4 Nd7 5. Nf3 Ngf6 6. Ng3 e6 7. Bd3 Bd6 8.
Qe2 O-O 9. Bd2 Qc7 10. O-O-O b6 11. Ne4 Bf4 12. Nxf6+ Nxf6 13. Bxf4 Qxf4+ 14.
Kb1 Bb7 15. Qe5 Qxe5 16. dxe5 Ng4 17. Rd2 c5 18. h3 Nh6 19. Ng5 Rfd8 20. Rhd1
Kf8 21. Nxh7+ Ke7 22. f3 f6 23. Bb5 Rd5 24. c4 Rxd2 25. Rxd2 Bc8 26. g4 Nf7 27.
f4 a6 28. Bc6 Ra7 29. exf6+ gxf6 30. g5 fxg5 31. fxg5 Ne5 32. Be4 Kf7 33. h4
Kg7 34. h5 Rd7 35. h6+ Kh8 36. Rf2 Rf7 37. Nf6 Bb7 38. Bxb7 Rxb7 39. Re2 Nf7
40. Rxe6 Rb8 41. Ne4 b5 42. Re7 Rf8 43. g6 1-0

[Event "Obert Figueres Miquel Mas 2011"]
[Site "Figueres ESP"]
[Date "2011.08.17"]
[Round "8.16"]
[White "Balague Canadell, Jordi"]
[Black "Buch Prades, Joan"]
[Result "1/2-1/2"]
[WhiteElo "2063"]
[BlackElo "1965"]
[PlyCount "84"]
[EventDate "2011.08.11"]
[EventType "swiss"]
[EventRounds "9"]
[EventCountry "ESP"]
[Source "lmi"]
[SourceDate "2011.08.11"]

1. Nf3 Nf6 2. c4 c5 3. Nc3 e6 4. g3 d5 5. cxd5 exd5 6. d4 Nc6 7. Bg2 c4 8. O-O
Be7 9. Ne5 O-O 10. Bg5 Be6 11. b3 Qa5 12. Nxc6 bxc6 13. Na4 cxb3 14. axb3 Qb4
15. Qd3 Rab8 16. Rfb1 g6 17. Rb2 Bf5 18. Qc3 Qb5 19. f3 Bb4 20. Qc1 Nd7 21. Nc3
Qb6 22. Be3 Rfc8 23. Na4 Qb7 24. Bf4 Ra8 25. Be3 Re8 26. Bf2 h5 27. Qh6 Bf8 28.
Qc1 Rac8 29. Raa2 Bd6 30. h3 Kg7 31. g4 hxg4 32. hxg4 Be6 33. Nc5 Nxc5 34. dxc5
Be5 35. Rb1 Rh8 36. f4 Bc7 37. Bd4+ f6 38. g5 Bd8 39. Qc3 Rf8 40. Rba1 Ra8 41.
Ra6 Kf7 42. Bh3 Qd7 1/2-1/2

[Event "Obert Figueres Miquel Mas 2011"]
[Site "Figueres ESP"]
[Date "2011.08.17"]
[Round "8.17"]
[White "Colomer Camarasa, Jordi"]
[Black "Vinardell Cruanas, Sergi"]
[Result "0-1"]
[WhiteElo "1947"]
[BlackElo "2061"]
[PlyCount "50"]
[EventDate "2011.08.11"]
[EventType "swiss"]
[EventRounds "9"]
[EventCountry "ESP"]
[Source "lmi"]
[SourceDate "2011.08.11"]

1. c4 e5 2. Nc3 Nf6 3. g3 d6 4. Bg2 g6 5. d3 Bg7 6. e4 O-O 7. Nge2 Nc6 8. O-O
Nh5 9. f4 f5 10. Be3 Be6 11. Qd2 Qd7 12. Rab1 Rf7 13. b4 Raf8 14. b5 Nd8 15. a4
b6 16. a5 Nf6 17. axb6 axb6 18. Kh1 fxe4 19. Nxe4 Nxe4 20. Bxe4 d5 21. Bg2 dxc4
22. dxc4 Bxc4 23. Rfd1 Qxd2 24. Rxd2 Ne6 25. Bd5 Bxd5+ 0-1

[Event "Obert Figueres Miquel Mas 2011"]
[Site "Figueres ESP"]
[Date "2011.08.17"]
[Round "8.18"]
[White "Colls Bosch, Emili"]
[Black "Martin Fernandez, Santiago"]
[Result "1-0"]
[WhiteElo "2015"]
[BlackElo "1867"]
[PlyCount "75"]
[EventDate "2011.08.11"]
[EventType "swiss"]
[EventRounds "9"]
[EventCountry "ESP"]
[Source "lmi"]
[SourceDate "2011.08.11"]

1. e4 c5 2. Nc3 Nc6 3. g3 g6 4. Bg2 Bg7 5. d3 e6 6. Be3 d6 7. Qd2 Nd4 8. Nd1
Rb8 9. c3 Nc6 10. Ne2 Nge7 11. Bh6 O-O 12. h4 d5 13. h5 f6 14. hxg6 hxg6 15.
Bxg7 Kxg7 16. Qh6+ Kf7 17. Qh7+ Ke8 18. Nf4 Ne5 19. d4 cxd4 20. cxd4 Nf7 21.
Nxg6 Nxg6 22. Qxg6 dxe4 23. Qxe4 Bd7 24. Nc3 Qe7 25. d5 exd5 26. Qxe7+ Kxe7 27.
Nxd5+ Ke6 28. O-O-O Rbc8+ 29. Nc3 Bc6 30. Rhe1+ Kf5 31. Bh3+ Kg6 32. Bxc8 Rxc8
33. f4 Nh6 34. Kb1 Ng4 35. Nd5 Bxd5 36. Rxd5 Rc7 37. Red1 Rd7 38. Rxd7 1-0

[Event "Obert Figueres Miquel Mas 2011"]
[Site "Figueres ESP"]
[Date "2011.08.17"]
[Round "8.19"]
[White "Balague Camps, Marc"]
[Black "Puig Carres, Josep"]
[Result "1-0"]
[WhiteElo "2119"]
[BlackElo "1838"]
[PlyCount "65"]
[EventDate "2011.08.11"]
[EventType "swiss"]
[EventRounds "9"]
[EventCountry "ESP"]
[Source "lmi"]
[SourceDate "2011.08.11"]

1. Nf3 e6 2. c4 d5 3. e3 Nf6 4. b3 Nc6 5. Bb2 Be7 6. Be2 O-O 7. O-O h6 8. a3 a6
9. d4 b6 10. Nbd2 Bb7 11. Rc1 dxc4 12. bxc4 Qd7 13. e4 Rfd8 14. Qc2 Rac8 15.
Rfd1 Qe8 16. Re1 Qf8 17. Qc3 Na7 18. Bf1 b5 19. Qb3 Rb8 20. c5 Nc6 21. g3 Rd7
22. Bh3 Rdd8 23. Bg2 Ba8 24. Rcd1 b4 25. a4 a5 26. Nc4 Bb7 27. Nfe5 Nxe5 28.
Nxe5 Nd7 29. Nc4 Ra8 30. f4 Nf6 31. Ne5 Nd7 32. c6 Nxe5 33. cxb7 1-0

[Event "Obert Figueres Miquel Mas 2011"]
[Site "Figueres ESP"]
[Date "2011.08.17"]
[Round "8.20"]
[White "Guzman Maglaya, Noli"]
[Black "Serra Canals, Oriol"]
[Result "1/2-1/2"]
[WhiteElo "1977"]
[BlackElo "1659"]
[PlyCount "73"]
[EventDate "2011.08.11"]
[EventType "swiss"]
[EventRounds "9"]
[EventCountry "ESP"]
[Source "lmi"]
[SourceDate "2011.08.11"]

1. d4 d5 2. c4 e6 3. Nc3 Nf6 4. e3 Bd6 5. c5 Be7 6. Bd3 O-O 7. Nge2 b6 8. cxb6
axb6 9. O-O Bb7 10. b3 c5 11. Bb2 Nc6 12. Na4 Nb4 13. Bb1 c4 14. a3 Nc6 15.
bxc4 dxc4 16. f3 Nd5 17. Bc1 b5 18. Qc2 g6 19. Nc5 Bxc5 20. dxc5 Qe7 21. Nc3
Qxc5 22. Re1 Nxc3 23. Qxc3 Qe5 24. Qxe5 Nxe5 25. Bb2 Nd7 26. Bc3 Rfd8 27. Rd1
Nc5 28. Rxd8+ Rxd8 29. Bc2 f5 30. Rd1 Rxd1+ 31. Bxd1 Kf7 32. Kf1 Ke8 33. Bc2
Kd7 34. Ke2 Kd6 35. Bb4 Kd5 36. h3 Ba6 37. Kd2 1/2-1/2

[Event "Obert Figueres Miquel Mas 2011"]
[Site "Figueres ESP"]
[Date "2011.08.17"]
[Round "8.21"]
[White "Lazaro Porta, Angel"]
[Black "Bosch Sola, Enric"]
[Result "1-0"]
[WhiteElo "1970"]
[BlackElo "1820"]
[PlyCount "51"]
[EventDate "2011.08.11"]
[EventType "swiss"]
[EventRounds "9"]
[EventCountry "ESP"]
[Source "lmi"]
[SourceDate "2011.08.11"]

1. Nf3 c5 2. c4 Nc6 3. d4 d6 4. d5 Nb8 5. Bd2 Nd7 6. Bc3 Ngf6 7. Nbd2 g6 8. Qc2
Bg7 9. Ne4 O-O 10. Ng3 e6 11. dxe6 fxe6 12. O-O-O d5 13. e3 a6 14. h4 b5 15.
cxb5 axb5 16. Bxb5 Rxa2 17. Kb1 Ra7 18. h5 Qb6 19. Be2 Bb7 20. hxg6 Rfa8 21.
gxh7+ Kh8 22. Kc1 Ba6 23. Ng5 Ne5 24. Bxe5 Bxe2 25. Nxe2 c4 26. Bc3 1-0

[Event "Obert Figueres Miquel Mas 2011"]
[Site "Figueres ESP"]
[Date "2011.08.17"]
[Round "8.22"]
[White "Romero Isado, Jose Luis"]
[Black "Gonzalez Pabollet, Jesus Maria"]
[Result "0-1"]
[WhiteElo "1693"]
[BlackElo "1933"]
[PlyCount "70"]
[EventDate "2011.08.11"]
[EventType "swiss"]
[EventRounds "9"]
[EventCountry "ESP"]
[Source "lmi"]
[SourceDate "2011.08.11"]

1. e4 c5 2. Nf3 Nc6 3. d4 cxd4 4. Nxd4 Nf6 5. Nc3 e6 6. Bd3 Nxd4 7. Bg5 Qa5 8.
Be3 Nc6 9. O-O Bc5 10. a3 Bxe3 11. fxe3 a6 12. b4 Qg5 13. Rf3 Qe5 14. Qd2 b5
15. Raf1 Bb7 16. Rg3 O-O-O 17. Rgf3 h5 18. Rf4 Ng4 19. g3 f6 20. a4 Nxb4 21.
axb5 Nxd3 22. cxd3 axb5 23. Rc1 Kb8 24. d4 Qd6 25. Nxb5 Qb6 26. Nc3 Rc8 27.
Rff1 Rc4 28. Rb1 Qc6 29. Rb3 Rxc3 30. Rxc3 Qxe4 31. d5 Bxd5 32. Rb3+ Bxb3 33.
Qd6+ Kc8 34. Rc1+ Kd8 35. Qb6+ Ke7 0-1

[Event "Obert Figueres Miquel Mas 2011"]
[Site "Figueres ESP"]
[Date "2011.08.17"]
[Round "8.23"]
[White "Padrosa Baro, Carles"]
[Black "Rivera Hernandez, Josep Joan"]
[Result "1-0"]
[WhiteElo "1829"]
[BlackElo "1920"]
[PlyCount "99"]
[EventDate "2011.08.11"]
[EventType "swiss"]
[EventRounds "9"]
[EventCountry "ESP"]
[Source "lmi"]
[SourceDate "2011.08.11"]

1. e4 c5 2. Nf3 d6 3. d4 cxd4 4. Nxd4 Nf6 5. Nc3 a6 6. Bc4 e6 7. Bb3 b5 8. O-O
Be7 9. a3 O-O 10. Be3 Qc7 11. f3 Nc6 12. Nxc6 Qxc6 13. Qd2 Bb7 14. Rad1 Rfd8
15. Qf2 Nd7 16. Ne2 Nc5 17. Ba2 e5 18. c3 Rac8 19. Rd2 Qc7 20. Rfd1 Bf8 21. Ng3
g6 22. Kh1 Qe7 23. Bxc5 dxc5 24. Bd5 Bh6 25. Re2 Rd7 26. b3 c4 27. bxc4 Rxc4
28. Qe1 Bxd5 29. exd5 Bg7 30. Ne4 f5 31. d6 Qd8 32. Nf2 Rxd6 33. Rxd6 Qxd6 34.
Rd2 Qe7 35. Qd1 h6 36. Rd7 Qxa3 37. g3 Rc8 38. Qd5+ Kh7 39. Rxg7+ Kxg7 40. Qd7+
Kf6 41. Qxc8 Qc1+ 42. Kg2 Qd2 43. Qxa6+ Kg5 44. Qc6 Qc2 45. h4+ Kh5 46. Qc5 Qe2
47. Qb4 g5 48. hxg5 hxg5 49. Qe7 Kg6 50. Qe6+ 1-0

[Event "Obert Figueres Miquel Mas 2011"]
[Site "Figueres ESP"]
[Date "2011.08.17"]
[Round "8.24"]
[White "Ragueneau, Yann Klemens"]
[Black "Diaz Comas, Jordi"]
[Result "0-1"]
[WhiteElo "1414"]
[BlackElo "1923"]
[PlyCount "74"]
[EventDate "2011.08.11"]
[EventType "swiss"]
[EventRounds "9"]
[EventCountry "ESP"]
[Source "lmi"]
[SourceDate "2011.08.11"]

1. e4 Nf6 2. e5 Nd5 3. c4 Nb6 4. Nf3 c5 5. b4 cxb4 6. d4 d6 7. Be2 Nc6 8. exd6
exd6 9. O-O Be7 10. d5 Nb8 11. Qc2 Bd7 12. Nbd2 O-O 13. Bd3 g6 14. Nb3 Bf6 15.
Nfd4 Na6 16. Bb2 Na4 17. Bc1 Rc8 18. Bh6 Re8 19. Rae1 b5 20. Nc6 Bxc6 21. dxc6
Rxc6 22. Na5 Rc8 23. Nb7 Qc7 24. Be4 Nc3 25. Bf3 bxc4 26. Qd2 Rxe1 27. Rxe1 Nb5
28. Qe3 Be5 29. Nxd6 Qxd6 30. Qxe5 Qxe5 31. Rxe5 Nd6 32. g4 Nc5 33. Be3 Nd3 34.
Rd5 Ne1 35. Be2 Ne4 36. Bd4 c3 37. Ba6 Nf3+ 0-1

[Event "Obert Figueres Miquel Mas 2011"]
[Site "Figueres ESP"]
[Date "2011.08.17"]
[Round "8.25"]
[White "Parals Marce, Luis"]
[Black "Gimenez Aguirre, Ismael Alejo"]
[Result "0-1"]
[WhiteElo "2077"]
[BlackElo "1712"]
[PlyCount "78"]
[EventDate "2011.08.11"]
[EventType "swiss"]
[EventRounds "9"]
[EventCountry "ESP"]
[Source "lmi"]
[SourceDate "2011.08.11"]

1. Nf3 Nf6 2. d4 e6 3. e3 d5 4. Bd3 Bd6 5. b3 c6 6. Bb2 Qe7 7. O-O O-O 8. c4
Nbd7 9. Ne5 Ne4 10. f3 Nef6 11. c5 Bxe5 12. dxe5 Ne8 13. b4 a5 14. a3 f6 15.
exf6 Nexf6 16. Nd2 e5 17. e4 b6 18. exd5 Nxd5 19. Bc4 bxc5 20. Ne4 Bb7 21. bxa5
Rxa5 22. Bc3 Ra7 23. Rb1 Kh8 24. Qc1 N5b6 25. Ba2 Rfa8 26. Bb2 Nd5 27. Re1 Nf4
28. Qe3 Nd5 29. Qf2 Ba6 30. Rbc1 Nf4 31. Bb1 Bd3 32. Qe3 Bxb1 33. Rxb1 c4 34.
Nf2 Nd5 35. Qe4 c3 36. Bc1 Ra4 37. Qc2 Qh4 38. Re4 Rxe4 39. Nxe4 Qe1# 0-1

[Event "Obert Figueres Miquel Mas 2011"]
[Site "Figueres ESP"]
[Date "2011.08.17"]
[Round "8.26"]
[White "Garcia Castany, Jose"]
[Black "Viñas Serra, Jaume"]
[Result "0-1"]
[WhiteElo "1438"]
[BlackElo "1860"]
[PlyCount "70"]
[EventDate "2011.08.11"]
[EventType "swiss"]
[EventRounds "9"]
[EventCountry "ESP"]
[Source "lmi"]
[SourceDate "2011.08.11"]

1. d4 c5 2. dxc5 Qa5+ 3. Bd2 Qxc5 4. Nf3 Nf6 5. e3 e6 6. Bc3 d5 7. Nbd2 Nc6 8.
Nb3 Qb6 9. Bd3 Bb4 10. O-O Bxc3 11. bxc3 O-O 12. Nfd4 e5 13. Nxc6 bxc6 14. Be2
Be6 15. Bd3 c5 16. Rb1 Qc7 17. Nd2 c4 18. Be2 Rab8 19. Rb4 Rb6 20. Qb1 Rfb8 21.
a3 a5 22. Rxb6 Rxb6 23. Qa1 Bd7 24. Rb1 Ba4 25. Rxb6 Qxb6 26. Qa2 Bc6 27. h3 e4
28. Kf1 Nd7 29. Ke1 Nc5 30. Qb1 Qa7 31. Qa2 g6 32. f3 Na4 33. Nb1 exf3 34. Bxf3
Qxe3+ 35. Kf1 f5 0-1

[Event "Obert Figueres Miquel Mas 2011"]
[Site "Figueres ESP"]
[Date "2011.08.17"]
[Round "8.27"]
[White "Asensio Graells, Ricard"]
[Black "Gil Clariana, Jordi"]
[Result "0-1"]
[WhiteElo "1510"]
[BlackElo "1828"]
[PlyCount "72"]
[EventDate "2011.08.11"]
[EventType "swiss"]
[EventRounds "9"]
[EventCountry "ESP"]
[Source "lmi"]
[SourceDate "2011.08.11"]

1. e4 e5 2. Nf3 Nc6 3. Bb5 d6 4. O-O Bg4 5. d3 a6 6. Ba4 b5 7. Bb3 Nd4 8. Nbd2
Nf6 9. c3 Nxb3 10. axb3 Be7 11. h3 Bh5 12. Qc2 h6 13. Nh2 Bg6 14. Re1 Nh5 15.
Ndf1 O-O 16. g3 Qd7 17. Kg2 d5 18. f4 f6 19. f5 Bf7 20. Be3 Rfd8 21. Qd2 Bf8
22. Nf3 dxe4 23. dxe4 Bxb3 24. g4 Nf4+ 25. Bxf4 exf4 26. Qxf4 Bd6 27. e5 fxe5
28. Nxe5 Bd5+ 29. Kg3 Qe7 30. Rad1 c6 31. Qd4 Re8 32. Nd2 Bxe5+ 33. Rxe5 Qxe5+
34. Qxe5 Rxe5 35. Rf1 Re3+ 36. Kh4 Bg2 0-1

[Event "Obert Figueres Miquel Mas 2011"]
[Site "Figueres ESP"]
[Date "2011.08.17"]
[Round "8.29"]
[White "Perez Mondejar, Adler"]
[Black "Garcia, Richard"]
[Result "1/2-1/2"]
[WhiteElo "1348"]
[BlackElo "1763"]
[PlyCount "87"]
[EventDate "2011.08.11"]
[EventType "swiss"]
[EventRounds "9"]
[EventCountry "ESP"]
[Source "lmi"]
[SourceDate "2011.08.11"]

1. e4 e6 2. d4 d5 3. exd5 exd5 4. Nf3 Nc6 5. Bb5 Bd6 6. O-O Nge7 7. c4 dxc4 8.
d5 a6 9. Bxc4 Nb4 10. Nc3 b5 11. Bb3 Bb7 12. Kh1 c6 13. dxc6 Nbxc6 14. Be3 O-O
15. Bg5 Kh8 16. Ne4 Bb4 17. a3 f6 18. axb4 fxg5 19. Nexg5 Qxd1 20. Raxd1 h6 21.
Ne6 Rxf3 22. gxf3 Ne5 23. Rd8+ Rxd8 24. Nxd8 Bxf3+ 25. Kg1 Ba8 26. Nf7+ Nxf7
27. Bxf7 g5 28. Re1 Nf5 29. Re8+ Kg7 30. Rxa8 Kxf7 31. Rxa6 h5 32. Ra5 Nd4 33.
Kf1 Ke6 34. Ke1 Kd5 35. b3 Ke4 36. Ra2 Nf3+ 37. Ke2 Nxh2 38. Ra5 Nf3 39. Kf1
Nd4 40. Kg2 Kd3 41. Ra8 Kc3 42. Rh8 Ne6 43. Re8 Nf4+ 44. Kf3 1/2-1/2

[Event "Obert Figueres Miquel Mas 2011"]
[Site "Figueres ESP"]
[Date "2011.08.17"]
[Round "8.34"]
[White "Fleta Marin, Sergio"]
[Black "Cantenys Pages, Carles"]
[Result "1-0"]
[WhiteElo "1675"]
[BlackElo "1570"]
[PlyCount "59"]
[EventDate "2011.08.11"]
[EventType "swiss"]
[EventRounds "9"]
[EventCountry "ESP"]
[Source "lmi"]
[SourceDate "2011.08.11"]

1. e4 e5 2. Nf3 Nc6 3. d4 exd4 4. Nxd4 Nxd4 5. Qxd4 d6 6. Nc3 Nf6 7. Bg5 Be7 8.
f3 c5 9. Bb5+ Bd7 10. Qd3 a6 11. Bxd7+ Qxd7 12. Rd1 Qe6 13. O-O Rd8 14. Bxf6
Bxf6 15. Nd5 O-O 16. c3 Be7 17. Rfe1 Qd7 18. Qb1 Qe6 19. f4 f6 20. f5 Qf7 21.
Rd3 b5 22. Rg3 Rd7 23. Rg4 Bd8 24. Re3 Kh8 25. Rh3 Qe8 26. Nf4 Kg8 27. Qe1 d5
28. Ne6 Rff7 29. Qh4 g5 30. fxg6 1-0

[Event "Obert Figueres Miquel Mas 2011"]
[Site "Figueres ESP"]
[Date "2011.08.17"]
[Round "8.36"]
[White "Febrero Perez, Lluis"]
[Black "Adrian, Louise"]
[Result "0-1"]
[WhiteElo "1658"]
[BlackElo "1365"]
[PlyCount "64"]
[EventDate "2011.08.11"]
[EventType "swiss"]
[EventRounds "9"]
[EventCountry "ESP"]
[Source "lmi"]
[SourceDate "2011.08.11"]

1. e4 c5 2. Nf3 Nc6 3. d4 cxd4 4. Nxd4 g6 5. Be3 Bg7 6. c3 Nf6 7. Bd3 O-O 8.
Na3 d5 9. Qc2 Ng4 10. exd5 Qxd5 11. Be4 Qd8 12. Nxc6 bxc6 13. Bxc6 Nxe3 14.
fxe3 Rb8 15. O-O Qb6 16. Qe4 Bf5 17. Qa4 Qxe3+ 18. Kh1 Rxb2 19. Nc4 Qxc3 20.
Nxb2 Qxb2 21. Qxa7 Rc8 22. Qxe7 Qb6 23. Rac1 Rc7 24. Qe8+ Bf8 25. Bd5 Re7 26.
Qc6 Qb2 27. Qc3 Qb5 28. Qc4 Qa5 29. g4 Be6 30. Bxe6 Rxe6 31. Qc7 Qa8+ 32. Qc6
Rxc6 0-1

[Event "Obert Figueres Miquel Mas 2011"]
[Site "Figueres ESP"]
[Date "2011.08.17"]
[Round "8.41"]
[White "Torrent Lagresa, Josep M"]
[Black "Vega Benitez, Oscar"]
[Result "1/2-1/2"]
[WhiteElo "1662"]
[BlackElo "1200"]
[PlyCount "68"]
[EventDate "2011.08.11"]
[EventType "swiss"]
[EventRounds "9"]
[EventCountry "ESP"]
[Source "lmi"]
[SourceDate "2011.08.11"]

1. e4 e5 2. Nf3 Nc6 3. Bb5 a6 4. Ba4 Nf6 5. O-O Nxe4 6. Re1 Nc5 7. Bxc6 dxc6 8.
d4 Ne6 9. Nxe5 Bd6 10. Nc3 O-O 11. d5 Ng5 12. dxc6 Re8 13. Bxg5 Qxg5 14. Nd7
Bxh2+ 15. Kxh2 Qh4+ 16. Kg1 Rxe1+ 17. Qxe1 h6 18. Qe8+ Kh7 19. Qe4+ Qxe4 20.
Nxe4 bxc6 21. Ne5 Bf5 22. Re1 Re8 23. Nd2 f6 24. Nd3 Rxe1+ 25. Nxe1 g5 26. b4
c5 27. bxc5 h5 28. Ndf3 Kh6 29. Nd4 Be4 30. Ne6 c6 31. a3 g4 32. f3 Bd5 33.
fxg4 Bxe6 34. Nf3 Bxg4 1/2-1/2